Personalizar la evaluación

Wedi'i Gadw mewn:
Manylion Llyfryddiaeth
Prif Awdur: Kushner, Saville (Awdur)
Fformat: Llyfr
Iaith:Sbaeneg
Cyhoeddwyd: Madrid Morata 2002
Cyfres:Colección Educación Crítica, Q
Pynciau:
Tagiau: Ychwanegu Tag
Dim Tagiau, Byddwch y cyntaf i dagio'r cofnod hwn!

MARC

LEADER 00000nam a2200000 a 4500
001 UCM8625
003 CL-VaPUC
008 030321e20020000SP |||||||||||||||||spa|d
020 |a 8471124726 
082 0 4 |a 371.26  |b KUS  |2 21 
100 0 |a Kushner, Saville  |e author  |9 474716 
245 1 0 |a Personalizar la evaluación 
300 |a 231 p 
942 |c BK 
945 |d 20030321 00:00:00  |a cmena 
260 |a Madrid  |b Morata  |c 2002 
650 0 |a Evaluación de la educación   |9 237505 
650 0 |a Entrevistas  |9 265537 
650 7 |a EVALUACION CURRICULAR  |2 CL-VaPUC  |9 308585 
583 |a last modification  |c 20160914 12:37:34  |k Rodrigo Vera 
490 0 |a Colección Educación Crítica, Q 
999 |c 303085  |d 303083 
952 |0 0  |1 0  |4 0  |6 371_260000000000000_KUS_2002  |7 0  |8 A  |9 364064  |a BIBEDU  |b BIBEDU  |d 2019-11-21  |i 388483K  |o 371.26 KUS 2002  |p 388483K  |r 2019-11-21  |w 2019-11-21  |y BK  |k EDU 
952 |0 0  |1 0  |4 0  |6 371_260000000000000_KUS_2002  |7 0  |8 A  |9 364065  |a BIBEDU  |b BIBEDU  |d 2019-11-21  |i 4065387  |o 371.26 KUS 2002  |p 4065387  |r 2019-11-21  |w 2019-11-21  |y BK  |k PAR 
952 |0 0  |1 0  |4 0  |6 371_260000000000000_KUS_2002  |7 0  |8 A  |9 364066  |a BIBEDU  |b BIBEDU  |d 2019-11-21  |i 4074653  |o 371.26 KUS 2002  |p 4074653  |r 2019-11-21  |w 2019-11-21  |y BK  |k EDU 
952 |0 0  |1 0  |4 0  |6 371_260000000000000_KUS_2002  |7 0  |8 A  |9 364067  |a BIBEDU  |b BIBEDU  |d 2019-11-21  |i 4378326  |o 371.26 KUS 2002  |p 4378326  |r 2019-11-21  |w 2019-11-21  |y BK  |k EDU